Forging the Future (Record no. 80636)

MARC details
000 -LEADER
fixed length control field 01397cam a2200373Mi 4500
001 - CONTROL NUMBER
control field on1425811860
003 - CONTROL NUMBER IDENTIFIER
control field OCoLC
005 - DATE AND TIME OF LATEST TRANSACTION
control field 20240620195750.0
006 - FIXED-LENGTH DATA ELEMENTS--ADDITIONAL MATERIAL CHARACTERISTICS
fixed length control field m o d
007 - PHYSICAL DESCRIPTION FIXED FIELD--GENERAL INFORMATION
fixed length control field cr cnu||||||||
008 - FIXED-LENGTH DATA ELEMENTS--GENERAL INFORMATION
fixed length control field 240330s2024 inu o ||| 0 eng d
040 ## - CATALOGING SOURCE
Original cataloging agency EBLCP
Language of cataloging eng
Description conventions rda
Transcribing agency EBLCP
Modifying agency JSTOR
-- EBLCP
-- OCLCO
-- OCLCQ
020 ## - INTERNATIONAL STANDARD BOOK NUMBER
International Standard Book Number 9781612499468
Qualifying information (electronic bk.)
020 ## - INTERNATIONAL STANDARD BOOK NUMBER
International Standard Book Number 1612499465
Qualifying information (electronic bk.)
035 ## - SYSTEM CONTROL NUMBER
System control number (OCoLC)1425811860
037 ## - SOURCE OF ACQUISITION
Stock number 22573/cats13139606
Source of stock number/acquisition JSTOR
050 #4 - LIBRARY OF CONGRESS CALL NUMBER
Classification number LD4673
100 1# - MAIN ENTRY--PERSONAL NAME
Personal name Allen, Emily.
245 10 - TITLE STATEMENT
Title Forging the Future
Medium [electronic resource] :
Remainder of title A History of the John Martinson Honors College, 2013-2023.
264 #1 - PRODUCTION, PUBLICATION, DISTRIBUTION, MANUFACTURE, AND COPYRIGHT NOTICE
Place of production, publication, distribution, manufacture West Lafayette, IN :
Name of producer, publisher, distributor, manufacturer Purdue University Press,
Date of production, publication, distribution, manufacture, or copyright notice 2024.
300 ## - PHYSICAL DESCRIPTION
Extent 1 online resource (171 p.).
490 1# - SERIES STATEMENT
Series statement The Founders Series
500 ## - GENERAL NOTE
General note Description based upon print version of record.
590 ## - LOCAL NOTE (RLIN)
Local note JSTOR
Provenance (VM) [OBSOLETE] Books at JSTOR Open Access
610 20 - SUBJECT ADDED ENTRY--CORPORATE NAME
Corporate name or jurisdiction name as entry element Purdue University
General subdivision History
Chronological subdivision 21st century.
650 #0 - SUBJECT ADDED ENTRY--TOPICAL TERM
Topical term or geographic name entry element Universities and colleges
General subdivision Honors courses.
Authority record control number or standard number http://id.loc.gov/authorities/subjects/sh85141129
650 #6 - SUBJECT ADDED ENTRY--TOPICAL TERM
Topical term or geographic name entry element Universités
General subdivision Programmes d'excellence.
700 1# - ADDED ENTRY--PERSONAL NAME
Personal name Huby, Jannine.
700 1# - ADDED ENTRY--PERSONAL NAME
Personal name Manchanda, Pulkit.
830 #0 - SERIES ADDED ENTRY--UNIFORM TITLE
Uniform title Founders series.
Authority record control number or standard number http://id.loc.gov/authorities/names/no2008025039
856 40 - ELECTRONIC LOCATION AND ACCESS
Uniform Resource Identifier <a href="https://www.jstor.org/stable/10.2307/jj.13167860">https://www.jstor.org/stable/10.2307/jj.13167860</a>
942 ## - ADDED ENTRY ELEMENTS (KOHA)
Koha item type E-Book
994 ## -
-- 92
-- PHURS
Holdings
Withdrawn status Source of classification or shelving scheme Damaged status Not for loan Home library Current library Date acquired Total Checkouts Date last seen Price effective from Koha item type
  Library of Congress Classification   Not For Loan JSTOR Open Access Books JSTOR Open Access Books 06/05/2024   06/05/2024 06/05/2024 E-Book

University of Rizal System
Email us at univlibservices@urs.edu.ph

Visit our Website www.urs.edu.ph/library